Personnages de la commedia dell'arte - Statistiques

Statistiques générales
  • Ce quiz a été pris 53 fois
  • Le résultat moyen est 5 sur 8
Statistiques - réponses
Description Personnage % Correct
Personnage au masque noir dont le costume est fait de losanges multicolores. Il est souvent à la fois pauvre, joyeux et gourmand. Arlequin
96%
Clown triste, sans masque, le visage enfariné, il est vêtu de larges vêtements blancs à gros boutons. Il est le sujet de la chanson populaire Au clair de la lune. Pierrot
71%
Ce vieillard porte une longue culotte rouge, son prénom désignant aujourd'hui en français tout vêtement porté sur la partie inférieure du corps avec les deux jambes couvertes séparément. Pantalon
69%
Grotesquement habillé, souvent représenté avec une bosse à l'avant et à l'arrière, ce personnage est caractérisé par sa voix nasillarde. Son secret n'est pas très bien gardé... Polichinelle
67%
Francisation du personnage italien de Brighella, Molière fait de ce valet le héros de certaines fourberies. Scapin
67%
Ce séducteur et libertin est associé à la commedia dell'arte au XVIIème siècle, pour être ensuite repris par Molière, Mozart ou encore Byron. Don Juan
50%
Demoiselle ne sachant pas garder sa langue dans la poche et ayant oublié d’être sotte, c'est le principal personnage féminin de la commedia dell'arte. Colombine
48%
Vantard, fanfaron et peureux, ce personnage finit toujours par fuir ou être battu. Il est cité à deux reprises dans la chanson Bohemian Rhapsody de Queen. Scaramouche
29%
Aucun quiz correspondant
Distribution des résultats
% des personnes avec chaque résultat
Percentile par nombre de réponses
Votre historique - résultats
Vous n’avez pas pris ce quiz